000 00728nam a2200229 a 4500
001 BRCA_6656
005 20190320205538.0
008 111011s1915----nyuab#####---#000-0#eng-#
041 _aeng
044 _anyu
050 4 _aE160
_b.G84 1915
245 1 0 _aA guide to the national parks of America
_ccompiled and edited by Edward Frank Allen.
260 _aNueva York
_bMcBride, Nast & Co
_c1915
300 _a286 p.
_bil., mapas
_c16 cm.
500 _aL164
650 1 4 _aParques nacionales
_zEstados Unidos
_916662
650 1 4 _aParques nacionales
_zCanada
_916663
651 4 _aEstados Unidos
_vGuía de viajeros
_xDescripción y viajes
_916664
700 1 _aAllen, Edward Frank
_ecomp.
_916665
902 _aGFM
942 _2lcc
_cB
999 _c6340
_d6340